Calliandra: a versatile small tree for the humid tropics (report of an AD Hoc Panel)
Spremljeno u:
| Format: | Knjiga |
|---|---|
| Jezik: | Undetermined |
| Izdano: |
Washington
National Academy Press
1983
|
| Teme: | |
| Oznake: |
Dodaj oznaku
Bez oznaka, Budi prvi tko označuje ovaj zapis!
|
| Thư viện lưu trữ: | Trung tâm Học liệu Trường Đại học Cần Thơ |
|---|
| LEADER | 00480nam a2200145Ia 4500 | ||
|---|---|---|---|
| 001 | CTU_38767 | ||
| 008 | 210402s9999 xx 000 0 und d | ||
| 082 | |a 635.65 | ||
| 082 | |b C158 | ||
| 245 | 0 | |a Calliandra: a versatile small tree for the humid tropics (report of an AD Hoc Panel) | |
| 260 | |a Washington | ||
| 260 | |b National Academy Press | ||
| 260 | |c 1983 | ||
| 650 | |a biofertilizers,manures,nitrogen - fixing plants | ||
| 980 | |a Trung tâm Học liệu Trường Đại học Cần Thơ | ||